| 000 | 01091cam a2200265 a 4500 | ||
|---|---|---|---|
| 001 | 16056693 | ||
| 005 | 20110804091213.0 | ||
| 008 | 100115s2010 njua b 001 0 eng | ||
| 020 | _a9780470446331 (cloth) | ||
| 040 |
_aDLC _cDLC _dDLC |
||
| 082 | 0 | 0 |
_a621.31244 _222 _bSOL |
| 245 | 0 | 0 |
_aSolar cells and their applications / _cedited by Lewis Fraas, Larry Partain. |
| 250 | _a2nd ed. | ||
| 260 |
_aHoboken, N.J. : _bWiley, _cc2010. |
||
| 300 |
_axiv, 627 p. : _bill. ; _c23 cm. |
||
| 490 | 0 |
_aWiley series in microwave and optical engineering _928643 |
|
| 504 | _aIncludes bibliographical references and index. | ||
| 650 | 0 |
_aSolar cells. _928644 |
|
| 653 |
_bGen _bEco _cFebruary2012 |
||
| 700 | 1 |
_aPartain, L. D. _928645 |
|
| 700 | 1 |
_aFraas, Lewis M. _928646 |
|
| 942 |
_2ddc _cBB |
||
| 999 |
_c16394 _d16394 |
||